Statistics for Canada Geography by Letter - Y

Click here to take the quiz!

General Stats

  • This quiz has been taken 16 times
  • The average score is 3 of 8

Answer Stats

HintAnswer% Correct
Territory bordering AlaskaYukon
100%
Northwest Territories capitalYellowknife
75%
Historic name of TorontoYork
50%
Nova Scotia maritime townYarmouth
25%
Banff adjacent National ParkYoho
25%
Toronto's main streetYonge
25%
Upscale Vancouver neighbourhoodYaletown
17%
Toronto's luxury neighbourhoodYorkville
17%

Score Distribution

Percentile by Number Answered

Percent of People with Each Score

Your Score History

You have not taken this quiz